000
00316nam a2200121Ia 4500
008
231129s1965||||xx |||||||||||||| ||spa||
082
_a
GOR- 177
100
_a
Mommsen Theodor
245
0
_a
Historia de Roma II de la revolución al imperio
260
_c
1965
264
_a
Madrid: Aguilar 1965
942
_2
ddc
_c
BKS
999
_c
15225
_d
15225